000 00581nam a2200241Ia 4500
005 20260306150648.0
008 008 260114s9999 xx 000 0 eng d
020 _a9781400862085
037 _aEbook
040 _aCRL
040 _beng
040 _cCRL
041 _2eng
041 _aeng
084 _qCRL
245 0 _aFrom Perturbative to Constructive Renormalization
260 _bPrinceton University Press
260 _c1991
650 _aPhysics
856 _uhttps://www.degruyter.com/isbn/9781400862085
942 _cEBOOK
999 _c1698579
_d1698579